| 000 | 00608cam a22002411 4500 | ||
|---|---|---|---|
| 001 | sa 64003917 | ||
| 003 | DLC | ||
| 005 | 20260227112021.0 | ||
| 008 | 940616s1962 ii 000 0 telo | ||
| 010 | _asa 64003917 | ||
| 025 | _aPL480:I-Te-255 | ||
| 035 | _a(OCoLC)30618340 | ||
| 040 |
_aDLC _cCU _dCU _dDLC |
||
| 042 | _apremarc | ||
| 050 | 0 | 0 |
_aPL4780.8 _b.K3 |
| 245 | 1 | 0 | _aKathālahari. |
| 260 | _c[1962] | ||
| 300 |
_a91 p. _c18 cm. |
||
| 500 | _aIn Telugu. | ||
| 500 | _aIncludes brief biographical sketches of the authors. | ||
| 650 | 0 | _aShort stories, Telugu. | |
| 650 | 0 | _aAuthors, Telugu. | |
| 999 |
_c58191 _d58191 |
||